| 000 -LEADER | |
|---|---|
| fixed length control field | 00475nam a22001817a 4500 |
| 005 - DATE AND TIME OF LATEST TRANSACTION | |
| control field | 20230403130248.0 |
| 008 - FIXED-LENGTH DATA ELEMENTS--GENERAL INFORMATION | |
| fixed length control field | 221220b |||||||| |||| 00| 0 eng d |
| 020 ## - INTERNATIONAL STANDARD BOOK NUMBER | |
| ISBN | 81239-0407-X |
| 041 ## - LANGUAGE CODE | |
| Language code of text/sound track or separate title | eng |
| 082 ## - DEWEY DECIMAL CLASSIFICATION NUMBER | |
| Classification number | 613.7 PAR-H |
| 100 ## - MAIN ENTRY--AUTHOR NAME | |
| Personal name | PARMAR ,N.S |
| 245 ## - TITLE STATEMENT | |
| Title | HEALTH EDUCATION & COMMUNITY PHARMACY |
| 250 ## - EDITION STATEMENT | |
| Edition statement | 1st ed. |
| 260 ## - PUBLICATION, DISTRIBUTION, ETC. (IMPRINT) | |
| Place of publication | NEW DELHI |
| Name of publisher | CBS PUBLISHERS & DISTRIBUTORS |
| Year of publication | 2023 |
| 300 ## - PHYSICAL DESCRIPTION | |
| Number of Pages | 308;P. |
| 650 ## - SUBJECT ADDED ENTRY--TOPICAL TERM | |
| Topical Term | PHARMACY |
| General subdivision | D.PHARMA |
| 942 ## - ADDED ENTRY ELEMENTS (KOHA) | |
| Koha item type | Books |
| Lost status | Damaged status | Collection code | Home library | Current library | Shelving location | Date acquired | Source of acquisition | Cost, normal purchase price | Full call number | Accession Number | Koha item type |
|---|---|---|---|---|---|---|---|---|---|---|---|
| PHARMACY | JRU Library | JRU Library | SHELF-19-G | 09/11/2022 | LOHIA BOOK INTERNATIONAL | 425.00 | 613.7-PAR-H | 27184 | Books | ||
| PHARMACY | JRU Library | JRU Library | SHELF-19-G | 09/11/2022 | LOHIA BOOK INTERNATIONAL | 425.00 | 613.7-PAR-H | 27185 | Books | ||
| PHARMACY | JRU Library | JRU Library | SHELF-19-G | 09/11/2022 | LOHIA BOOK INTERNATIONAL | 425.00 | 613.7-PAR-H | 27186 | Books | ||
| PHARMACY | JRU Library | JRU Library | SHELF-19-G | 09/11/2022 | LOHIA BOOK INTERNATIONAL | 425.00 | 613.7-PAR-H | 27187 | Books | ||
| PHARMACY | JRU Library | JRU Library | SHELF-19-G | 09/11/2022 | LOHIA BOOK INTERNATIONAL | 425.00 | 613.7-PAR-H | 27188 | Books | ||
| PHARMACY | JRU Library | JRU Library | SHELF-19-G | 23/03/2023 | LOHIA BOOK INTERNATIONAL | 425.00 | 613.7 PAR-H | 27542 | Books | ||
| PHARMACY | JRU Library | JRU Library | SHELF-19-G | 23/03/2023 | LOHIA BOOK INTERNATIONAL | 425.00 | 613.7 PAR-H | 27543 | Books | ||
| PHARMACY | JRU Library | JRU Library | SHELF-19-G | 23/03/2023 | LOHIA BOOK INTERNATIONAL | 425.00 | 613.7 PAR-H | 27544 | Books | ||
| PHARMACY | JRU Library | JRU Library | SHELF-19-G | 23/03/2023 | LOHIA BOOK INTERNATIONAL | 425.00 | 613.7 PAR-H | 27545 | Books | ||
| PHARMACY | JRU Library | JRU Library | SHELF-19-G | 23/03/2023 | LOHIA BOOK INTERNATIONAL | 425.00 | 613.7 PAR-H | 27546 | Books |